1382 1517 1225 1648 1180 1090 1345 1777 1699 1142 1012 1777 1738 1501 1464 1725 1884 1369 1718 1110 1027 1542 1818 1672 1564 1763 1385 1035 1832 1699 1873 1141 1667 1865 1529 1283 1176 1929 1143 1510 1413 1283 1813 1923 1856 1940 1044 1485 1593 1095 1325 1678 1203 1496 1206 1053 1279 1418 1654 1736 1961 1238 1756 1716 1073 1470 1190 1901 1755 1740 1403 1580 1129 1774 1338 1293 1184 1304 1254 1289 1832 1726 1907 1415 1023 1622 1949 1108 1200 1861 1391 1838 1685 1516 1162 1266 1564 1016 1618 BCNSPRNW ULIB Ver.6.0+V

เปลี่ยนเป็นภาษาไทย

Change to English
 แสดงรายละเอียดบรรณานุกรม
  กลับหน้าหลัก

Brief Record : Get Marc (ISO 2709) : E-mail record : QR code < ปิดหน้าต่าง
LEADER : 00000nam 2200000uu 4500
001    13399123372
003     ULIB
008    140828s2550||||th 000 0 tha d
099    วจ WY105^bอ496ค
100 0  อัจโรบล แสงประเสริฐ, วรรณา บุญนวน,แพรวพรรณ แสงทองรุ่งเจริญ และจิราพร ศรีวิบูลย์บัติ
245 00 ความพึงพอใจของผู้ใช้บัณฑิตหลักสูตรพยาบาลศาสตร์บัณฑิต(ต่อเนื่อง)ที่สำเร็จการศึกษาจากวิทยาลัยพยาบาลบรมราชชนนี สวรรค์ประชารักษ์ นครสวรรค์/^cอัจโรบล แสงประเสริฐ, วรรณา บุญนวน,แพรวพรรณ แสงทองรุ่งเจริญ และจิราพร ศรีวิบูลย์บัติ
650  0 ความพึงพอใจ^xวิจัย
700 0  วรรณา บุญนวน
700 0  แพรวพรรณ แสงทองรุ่งเจริญ
700 0  จิราพร ศรีวิบูลย์บัติ
945    ^p0^l0^i020720
999    ^aเกษร โพธิ์สุวรรณ
รายการนี้ยังไม่มีแท็ก
คุณยังไม่ได้ล็อกอิน คุณสามารถมีกิจกรรมร่วมกับเว็บไซต์ได้ แต่ต้องล็อกอินก่อน ::
  ล็อกอิน

รายการสื่อสารสนเทศ

ลำดับที่ ประเภท เลขเรียก/บาร์โค้ด สถานที่ สถานะ
1. งานวิจัย
งานวิจัย
วจ WY105 อ496ค ฉ.1 
  Barcode: 020720
ห้องสมุดวิทยาเขตสวรรค์ประชารักษ์
►วิจัย
บนชั้น

BibComment


ยังไม่เคยถูกคอมเมนท์

คอมเมนท์ทรัพยากรรายการนี้
  คอมเมนท์: ความพึงพอใจของผู้..


 Copyright 2026. Bcnsprnw @Library